[Event "SF Beelen 1 - TV Borken 1"]
[Site "Verbandsliga 2016/2017"]
[Date "2016.09.10"]
[Round "1.1"]
[White "Schroer, Klaus"]
[Black "Hofene, Dieter"]
[Result "1-0"]
[WhiteElo "2043"]
[BlackElo "1961"]
[PlyCount "115"]
[EventDate "2016.??.??"]
[SourceDate "2016.09.26"]

1. e4 e6 2. d4 d5 3. Nd2 b6 4. c3 dxe4 5. Nxe4 Bb7 6. Bb5+ Nd7 7. Qe2 Ngf6 8.
Bd3 Be7 9. Nf3 O-O 10. O-O Nxe4 11. Bxe4 Bxe4 12. Qxe4 Nf6 13. Qe2 c5 14. Bf4
Qd5 15. c4 Qf5 16. Bg3 Qe4 17. Rfe1 Qxe2 18. Rxe2 cxd4 19. Nxd4 Rac8 20. b3
Rfd8 21. Nb5 Rd7 22. f3 a6 23. Nc3 b5 24. Rc1 Ba3 25. Rcc2 bxc4 26. Na4 c3 27.
Rxc3 Rd1+ 28. Re1 Rxe1+ 29. Bxe1 Rxc3 30. Nxc3 Kf8 31. Kf1 Ke7 32. Bh4 Kd6 33.
Bxf6 gxf6 34. Ke2 f5 35. Kd3 Kc6 36. Kc4 Bd6 37. h3 h5 38. Ne2 h4 39. b4 Kb6
40. a4 Kc6 41. Nd4+ Kb7 42. b5 Bc7 43. Nb3 axb5+ 44. Kxb5 Bb6 45. Nd2 Be3 46.
Nc4 Bf4 47. Kc5 Ka6 48. Nd6 Be3+ 49. Kc6 Bf4 50. Nxf7 Ka5 51. Nd8 e5 52. Kd5
Kxa4 53. Nc6 Kb3 54. Nxe5 Kc2 55. Ke6 Kd2 56. Kxf5 Bg3 57. Ng6 Ke3 58. Kg4 1-0

[Event "SF Beelen 1 - TV Borken 1"]
[Site "Verbandsliga 2016/2017"]
[Date "2016.09.10"]
[Round "1.2"]
[White "Hanewinkel, Winfried"]
[Black "Schulze-Schwering, Philipp"]
[Result "1/2-1/2"]
[WhiteElo "1893"]
[BlackElo "2039"]
[PlyCount "66"]
[EventDate "2016.??.??"]
[SourceDate "2016.09.26"]

1. d4 Nf6 2. Nf3 e6 3. c4 d5 4. e3 b6 5. b3 Bb4+ 6. Nbd2 c5 7. cxd5 exd5 8.
Bb5+ Bd7 9. Bxd7+ Qxd7 10. O-O O-O 11. Bb2 Bxd2 12. Nxd2 Qe6 13. dxc5 bxc5 14.
Bxf6 Qxf6 15. Qf3 Qe6 16. e4 d4 17. Qd3 Re8 18. Rac1 Nd7 19. f4 a5 20. Rc4 Rab8
21. Ra4 Ra8 22. Rc4 Qh6 23. e5 f6 24. Qf5 Nxe5 25. fxe5 Qxd2 26. exf6 Qe3+ 27.
Kh1 gxf6 28. Rxc5 Re5 29. Qxf6 Rxc5 30. Qf7+ Kh8 31. Qf6+ Kg8 32. Qf7+ Kh8 33.
Qf6+ Kg8 1/2-1/2

[Event "SF Beelen 1 - TV Borken 1"]
[Site "Verbandsliga 2016/2017"]
[Date "2016.09.10"]
[Round "1.3"]
[White "Beckmann, David"]
[Black "Henke, Wolfgang"]
[Result "1-0"]
[WhiteElo "1977"]
[BlackElo "1784"]
[PlyCount "81"]
[EventDate "2016.??.??"]
[SourceDate "2016.09.26"]

1. Nf3 Nf6 2. c4 g6 3. g3 Bg7 4. Bg2 O-O 5. O-O c6 6. d4 d5 7. cxd5 cxd5 8. Nc3
Nc6 9. a3 Na5 10. Ne5 Be6 11. b4 Qc7 12. Bb2 Nc4 13. Nxc4 Qxc4 14. Rc1 Qa6 15.
b5 Qd6 16. Qb3 Ne4 17. Rfd1 f5 18. e3 Rac8 19. Ne2 Bf7 20. a4 Rxc1 21. Nxc1 Rc8
22. Nd3 Rc4 23. f3 Nf6 24. Ne5 Qb4 25. Qxb4 Rxb4 26. Ba3 Rxa4 27. Bxe7 Be6 28.
Rc1 Bf8 29. Bxf6 Bd6 30. Nd3 Rc4 31. Bf1 Bd7 32. Rb1 Kf7 33. Be5 Be7 34. Bb8
Ra4 35. Ne5+ Ke6 36. Nxd7 Kxd7 37. Rc1 Bd8 38. Bf4 Ra2 39. g4 g5 40. Be5 Ra3
41. Kf2 1-0

[Event "SF Beelen 1 - TV Borken 1"]
[Site "Verbandsliga 2016/2017"]
[Date "2016.09.10"]
[Round "1.4"]
[White "Cigelski, Rudolf"]
[Black "Farwick, Christian"]
[Result "0-1"]
[WhiteElo "1805"]
[BlackElo "1795"]
[PlyCount "94"]
[EventDate "2016.??.??"]
[SourceDate "2016.09.26"]

1. e4 c5 2. Nf3 d6 3. d3 Nc6 4. g3 e5 5. Bg2 Be7 6. O-O f5 7. exf5 Bxf5 8. c3
Nf6 9. Nh4 Bd7 10. f4 exf4 11. Bxf4 O-O 12. Nd2 Bg4 13. Qb3+ d5 14. Rae1 Qd7
15. Rf2 Rad8 16. Nf1 Kh8 17. h3 Bh5 18. Ne3 Bf7 19. Nef5 Rfe8 20. g4 c4 21. Qd1
cxd3 22. Nxe7 Rxe7 23. Rxe7 Qxe7 24. Nf5 Qe6 25. Qxd3 d4 26. Bg5 dxc3 27. Qxc3
Rd1+ 28. Bf1 Qe5 29. Qf3 Qd5 30. Nxg7 Qxg5 31. Qxd1 Kxg7 32. Bg2 Bg6 33. Qd6
Qc1+ 34. Kh2 Qg5 35. Qc7+ Kh6 36. Qxb7 Ne5 37. Bf3 Qe3 38. Kg2 Ne4 39. g5+
Qxg5+ 40. Kf1 Nxf2 41. Kxf2 Qf4 42. Qd5 Qxf3+ 43. Qxf3 Nxf3 44. Kxf3 Bf5 45. h4
Kh5 46. Kg3 Be6 47. a3 Bb3 0-1

[Event "SF Beelen 1 - TV Borken 1"]
[Site "Verbandsliga 2016/2017"]
[Date "2016.09.10"]
[Round "1.5"]
[White "Rickert, Berthold"]
[Black "Hofene, Josef"]
[Result "1/2-1/2"]
[WhiteElo "1743"]
[BlackElo "1710"]
[PlyCount "33"]
[EventDate "2016.??.??"]
[SourceDate "2016.09.26"]

1. c4 e5 2. Nc3 Nf6 3. g3 Nc6 4. Bg2 Bc5 5. Nf3 d6 6. d3 a6 7. Bd2 h6 8. Qc1
Be6 9. e4 Ng4 10. Nd1 Nd4 11. h3 Nxf3+ 12. Bxf3 Nf6 13. Be3 Nd7 14. Bg2 c6 15.
Qd2 Qb6 16. a3 Bxe3 17. Nxe3 1/2-1/2

[Event "SF Beelen 1 - TV Borken 1"]
[Site "Verbandsliga 2016/2017"]
[Date "2016.09.10"]
[Round "1.6"]
[White "Schemmann, Bernhard"]
[Black "Klüppel, Ralf"]
[Result "1/2-1/2"]
[WhiteElo "1853"]
[BlackElo "1729"]
[PlyCount "38"]
[EventDate "2016.??.??"]
[SourceDate "2016.09.26"]

1. e4 c6 2. c4 d5 3. exd5 cxd5 4. cxd5 Nf6 5. Bb5+ Nbd7 6. Nc3 g6 7. d3 Bg7 8.
Qf3 O-O 9. Nge2 a6 10. Bxd7 Bxd7 11. h3 b5 12. b4 a5 13. Rb1 Qc7 14. O-O Rfd8
15. bxa5 Rxa5 16. Be3 Qb7 17. Bc5 Be8 18. Qe3 Nxd5 19. Nxd5 Rxd5 1/2-1/2

[Event "SF Beelen 1 - TV Borken 1"]
[Site "Verbandsliga 2016/2017"]
[Date "2016.09.10"]
[Round "1.7"]
[White "Boldrick, Marcel"]
[Black "Hanewinkel, Martin"]
[Result "0-1"]
[WhiteElo "1615"]
[BlackElo "1804"]
[PlyCount "86"]
[EventDate "2016.??.??"]
[SourceDate "2016.09.26"]

1. e4 c5 2. Nf3 e6 3. Nc3 a6 4. d4 cxd4 5. Nxd4 Qc7 6. Be3 Nf6 7. a3 Nc6 8. Nb3
b5 9. g3 Be7 10. Bg2 d6 11. O-O Bb7 12. Qe2 O-O 13. Rad1 Rfd8 14. Bf4 Ne5 15.
Bxe5 dxe5 16. h3 Bxa3 17. Nxb5 axb5 18. bxa3 Rxa3 19. Qxb5 Rda8 20. Rd2 Ba6 21.
Qb4 Bxf1 22. Bxf1 h6 23. c4 Qa7 24. Rb2 Rb8 25. Qc3 Nxe4 26. Qxe5 Raxb3 27. Rc2
Nxg3 28. c5 Nxf1 29. Kxf1 Qa6+ 30. Kg2 Qc6+ 31. Kh2 Rc8 32. f4 Rb5 33. Rg2 g6
34. Qf6 Rxc5 35. Rxg6+ fxg6 36. Qxg6+ Kf8 37. Qxh6+ Ke8 38. Qh8+ Kd7 39. Qg7+
Kd8 40. h4 Rc2+ 41. Kg1 Rc1+ 42. Kf2 Qc2+ 43. Ke3 Qc3+ 0-1

[Event "SF Beelen 1 - TV Borken 1"]
[Site "Verbandsliga 2016/2017"]
[Date "2016.09.10"]
[Round "1.8"]
[White "Hanewinkel, Christian"]
[Black "Wechsler, Björn"]
[Result "1/2-1/2"]
[WhiteElo "1672"]
[BlackElo "1414"]
[PlyCount "76"]
[EventDate "2016.??.??"]
[SourceDate "2016.09.26"]

1. e4 e5 2. Nf3 Nc6 3. Bb5 d6 4. d4 exd4 5. Nxd4 Bd7 6. c3 Nxd4 7. Bxd7+ Qxd7
8. cxd4 Nf6 9. O-O Be7 10. Nc3 O-O 11. h3 Rad8 12. Bg5 h6 13. Be3 b6 14. d5 Qc8
15. Qa4 Qb7 16. Rac1 a6 17. Ne2 Rc8 18. Rc6 Nd7 19. f4 Bf6 20. Bd4 Bxd4+ 21.
Nxd4 Rfe8 22. Nf5 Nf6 23. Ng3 Re7 24. Qd4 Rce8 25. Re1 Qc8 26. Re3 Qd8 27. Kf2
h5 28. Kf3 h4 29. Nf5 Rxe4 30. Rxe4 Rxe4 31. Qc3 Qd7 32. Nh6+ Kf8 33. Rxc7 Nxd5
34. Rxd7 Rxf4+ 35. Ke2 Nxc3+ 36. bxc3 gxh6 37. Rxd6 Ra4 38. Rd2 b5 1/2-1/2

[Event "SC Falke Saerbeck 1 - SV Heiden 1"]
[Site "Verbandsliga 2016/2017"]
[Date "2016.09.10"]
[Round "1.1"]
[White "Wienen, Hermann"]
[Black "Hegemann, Eike"]
[Result "1-0"]
[WhiteElo "1965"]
[BlackElo "1987"]
[PlyCount "37"]
[EventDate "2016.??.??"]
[SourceDate "2016.09.26"]

1. e4 c5 2. Nc3 a6 3. Nf3 e6 4. d4 cxd4 5. Nxd4 d6 6. Be2 Nf6 7. O-O Be7 8. a4
O-O 9. Be3 Nc6 10. Nb3 Qc7 11. f4 Bd7 12. Bf3 Rfc8 13. a5 Nb8 14. Bb6 Qc4 15.
e5 dxe5 16. fxe5 Nd5 17. Nxd5 exd5 18. Bxd5 Qxc2 19. Rxf7 1-0

[Event "SC Falke Saerbeck 1 - SV Heiden 1"]
[Site "Verbandsliga 2016/2017"]
[Date "2016.09.10"]
[Round "1.2"]
[White "Kipp, Lucas"]
[Black "Berger, Alfred"]
[Result "0-1"]
[WhiteElo "1892"]
[BlackElo "1951"]
[PlyCount "56"]
[EventDate "2016.??.??"]
[SourceDate "2016.09.26"]

1. e4 c5 2. c3 e6 3. d4 d5 4. e5 Bd7 5. Nf3 a6 6. Be2 cxd4 7. cxd4 Bb5 8. Bxb5+
axb5 9. O-O b4 10. Nbd2 Nc6 11. Nb3 Qb6 12. Qd3 Nge7 13. h4 Qa6 14. Rd1 Qxd3
15. Rxd3 Nc8 16. Nc5 b6 17. Nb3 Be7 18. Bd2 Kd7 19. Ng5 h6 20. Nxf7 Rf8 21.
Nxh6 gxh6 22. Bxh6 Rh8 23. Bg5 Bxg5 24. hxg5 N8e7 25. Rh3 Rxh3 26. gxh3 Rg8 27.
f4 Rf8 28. Kg2 Rxf4 0-1

[Event "SC Falke Saerbeck 1 - SV Heiden 1"]
[Site "Verbandsliga 2016/2017"]
[Date "2016.09.10"]
[Round "1.3"]
[White "Ehrlich, Hans-Georg"]
[Black "Fischer, Andreas"]
[Result "0-1"]
[WhiteElo "1818"]
[BlackElo "1927"]
[PlyCount "64"]
[EventDate "2016.??.??"]
[SourceDate "2016.09.26"]

1. b4 c5 2. bxc5 e5 3. Bb2 Nc6 4. Nf3 Bxc5 5. Bxe5 Nxe5 6. Nxe5 Bd4 7. Nxf7
Kxf7 8. c3 Bb6 9. e3 Nf6 10. Be2 Rf8 11. O-O d5 12. Qb3 Be6 13. d4 Rc8 14. a4
Qc7 15. Ra2 Kg8 16. Bd3 Bf7 17. Bf5 Rcd8 18. Rb2 Ne4 19. Qc2 Qe7 20. f3 Nf6 21.
Re1 g6 22. Bh3 Be6 23. g4 Rc8 24. Rb3 Bd7 25. Qa2 h5 26. a5 Bc7 27. Rxb7 hxg4
28. fxg4 Bxg4 29. Bxg4 Nxg4 30. Qxd5+ Kg7 31. Re2 Nxe3 32. Nd2 Nxd5 0-1

[Event "SC Falke Saerbeck 1 - SV Heiden 1"]
[Site "Verbandsliga 2016/2017"]
[Date "2016.09.10"]
[Round "1.4"]
[White "Hoge, Reinhard"]
[Black "Sicking, Norbert"]
[Result "0-1"]
[WhiteElo "1898"]
[BlackElo "1781"]
[PlyCount "82"]
[EventDate "2016.??.??"]
[SourceDate "2016.09.26"]

1. c4 Nf6 2. g3 g6 3. Bg2 Bg7 4. Nf3 O-O 5. O-O d6 6. d4 Nbd7 7. Nc3 c6 8. e4
e5 9. h3 Re8 10. d5 c5 11. Ne1 Nb6 12. b3 a6 13. Bb2 Nh5 14. Kh2 Qd7 15. Nd3
Bh6 16. Bc1 Bxc1 17. Rxc1 Ng7 18. f4 f6 19. Rc2 Qe7 20. fxe5 fxe5 21. Rcf2 Bd7
22. Rf7 Qxf7 23. Rxf7 Kxf7 24. Qf3+ Kg8 25. a3 Rf8 26. Qe3 Rf7 27. Nxc5 dxc5
28. Qxc5 Nc8 29. Qc7 Bxh3 30. Qxe5 Bxg2 31. Kxg2 Ne7 32. d6 Nc6 33. Qd5 Re8 34.
c5 Re5 35. Qc4 Ne6 36. b4 Ncd4 37. Nd5 Rxe4 38. Nc7 Re2+ 39. Kh3 Rff2 40. Nxe6
Nxe6 41. g4 Re3+ 0-1

[Event "SC Falke Saerbeck 1 - SV Heiden 1"]
[Site "Verbandsliga 2016/2017"]
[Date "2016.09.10"]
[Round "1.6"]
[White "Lutterbey, Ralf"]
[Black "Niewerth, Gerd"]
[Result "0-1"]
[WhiteElo "1903"]
[BlackElo "1766"]
[PlyCount "94"]
[EventDate "2016.??.??"]
[SourceDate "2016.09.26"]

1. e4 c6 2. d4 d5 3. c4 dxe4 4. Nc3 Nf6 5. f3 e3 6. Bxe3 Bf5 7. Bd3 Bxd3 8.
Qxd3 e6 9. Nge2 Nbd7 10. g4 Ne5 11. Qc2 Nxf3+ 12. Kf2 Nxh2 13. Bf4 Nhxg4+ 14.
Kf3 Bd6 15. Rad1 Bxf4 16. Nxf4 Qc7 17. d5 cxd5 18. cxd5 O-O 19. Rdg1 Ne5+ 20.
Kf2 Ng6 21. Nxg6 hxg6 22. dxe6 Qb6+ 23. Ke1 Qxe6+ 24. Kd1 Qe3 25. Qh2 Nh5 26.
Kc2 Rac8 27. Re1 Qf4 28. Qg2 Qf5+ 29. Kb3 Qc5 30. Re4 a5 31. a4 Qb6+ 32. Ka2
Rfe8 33. Qg4 Qc6 34. Rd4 Qe6+ 35. Qxe6 Rxe6 36. Rd7 b6 37. Nd5 Rb8 38. Rc1 g5
39. Ne7+ Kh7 40. Rh1 Kh6 41. Nf5+ Kg6 42. Ne7+ Rxe7 43. Rxe7 f5 44. Re6+ Nf6
45. Kb3 g4 46. Kc3 Kg5 47. Re7 Nd5+ 0-1

[Event "SC Falke Saerbeck 1 - SV Heiden 1"]
[Site "Verbandsliga 2016/2017"]
[Date "2016.09.10"]
[Round "1.7"]
[White "Skrodzki, Heinz Werner"]
[Black "Bartsch, Rainer"]
[Result "1/2-1/2"]
[WhiteElo "1615"]
[BlackElo "1805"]
[PlyCount "29"]
[EventDate "2016.??.??"]
[SourceDate "2016.09.26"]

1. c4 c6 2. Nc3 d5 3. cxd5 cxd5 4. g3 Nf6 5. Bg2 e6 6. d3 Nc6 7. Bg5 Be7 8. Nf3
O-O 9. O-O h6 10. Bf4 Bd6 11. Bxd6 Qxd6 12. Nb5 Qb4 13. Qb3 Qxb3 14. axb3 Bd7
15. Rfc1 1/2-1/2

[Event "SC Falke Saerbeck 1 - SV Heiden 1"]
[Site "Verbandsliga 2016/2017"]
[Date "2016.09.10"]
[Round "1.8"]
[White "Bartsch, Jan"]
[Black "Blobel, Tobias"]
[Result "1/2-1/2"]
[WhiteElo "1603"]
[BlackElo "1668"]
[PlyCount "34"]
[EventDate "2016.??.??"]
[SourceDate "2016.09.26"]

1. e4 e5 2. Nf3 Nf6 3. d4 Nxe4 4. Bd3 d5 5. dxe5 Be7 6. Bxe4 dxe4 7. Qxd8+ Bxd8
8. Ng5 Bf5 9. Nc3 Bxg5 10. Bxg5 Nc6 11. Nd5 Rc8 12. O-O-O O-O 13. h3 Rfe8 14.
Bf4 h5 15. Ne3 Bg6 16. Rd5 Ne7 17. Rd2 Nc6 1/2-1/2

[Event "SF Telgte 1 - SF Stadtlohn 1"]
[Site "Verbandsliga 2016/2017"]
[Date "2016.09.10"]
[Round "1.1"]
[White "Mullink, Jochem"]
[Black "Muth, Josef"]
[Result "1/2-1/2"]
[WhiteElo "2038"]
[BlackElo "1978"]
[PlyCount "83"]
[EventDate "2016.??.??"]
[SourceDate "2016.09.26"]

1. Nf3 Nf6 2. c4 e6 3. d4 Bb4+ 4. Bd2 Qe7 5. a3 Bxd2+ 6. Qxd2 O-O 7. Nc3 d6 8.
e3 e5 9. Qc2 Re8 10. Be2 c6 11. h3 a5 12. g4 exd4 13. Nxd4 d5 14. cxd5 Nxd5 15.
Nxd5 cxd5 16. O-O-O Nc6 17. Kb1 Nxd4 18. Rxd4 Be6 19. Rhd1 Rec8 20. Qd2 g6 21.
f4 Rc5 22. f5 gxf5 23. Bd3 fxg4 24. hxg4 Qg5 25. Rh1 Rac8 26. Bxh7+ Kg7 27. Bd3
Rh8 28. Rf1 Rh3 29. Rdf4 Qe5 30. Re1 b5 31. Bf5 b4 32. axb4 axb4 33. Bxe6 fxe6
34. Rxb4 Rh2 35. Qd4 Qxd4 36. exd4 Rc6 37. Rc1 Rxc1+ 38. Kxc1 Rg2 39. Kb1 Kf6
40. Ka2 Rxg4 41. Kb3 Ke7 42. Kc3 1/2-1/2

[Event "SF Telgte 1 - SF Stadtlohn 1"]
[Site "Verbandsliga 2016/2017"]
[Date "2016.09.10"]
[Round "1.2"]
[White "Lodde, Martin"]
[Black "Lösing, Henrik"]
[Result "0-1"]
[WhiteElo "1979"]
[BlackElo "1908"]
[PlyCount "74"]
[EventDate "2016.??.??"]
[SourceDate "2016.09.26"]

1. d4 Nf6 2. g3 g6 3. Bg2 Bg7 4. e4 d6 5. Ne2 O-O 6. O-O Nbd7 7. c4 c5 8. Nbc3
a6 9. a4 cxd4 10. Nxd4 Ne5 11. b3 Qb6 12. h3 Bxh3 13. a5 Qa7 14. Be3 Bxg2 15.
Kxg2 Neg4 16. Nf5 Nxe3+ 17. Nxe3 Qc5 18. Ra2 e6 19. Qd2 Rac8 20. Rd1 Rfd8 21.
Qe1 Qc6 22. f3 b5 23. axb6 Qxb6 24. Rb1 Bh6 25. Re2 Qc6 26. Nc2 Bg7 27. Ne3 Nd7
28. g4 Ne5 29. Kg3 Nd3 30. Qd2 Be5+ 31. Kg2 Nf4+ 32. Kf1 Bxc3 33. Qxc3 Nxe2 34.
Kxe2 d5 35. exd5 exd5 36. Qb2 Re8 37. Kf2 Qb6 0-1

[Event "SF Telgte 1 - SF Stadtlohn 1"]
[Site "Verbandsliga 2016/2017"]
[Date "2016.09.10"]
[Round "1.3"]
[White "Krosenbrink, Marcel"]
[Black "Kuhlenbäumer, Willi"]
[Result "0-1"]
[WhiteElo "1835"]
[BlackElo "1932"]
[PlyCount "62"]
[EventDate "2016.??.??"]
[SourceDate "2016.09.26"]

1. e4 e6 2. d4 d5 3. Nc3 Nf6 4. exd5 exd5 5. Bg5 Be7 6. Qf3 Be6 7. h3 O-O 8.
O-O-O c6 9. Nge2 b5 10. g4 a5 11. Bxf6 Bxf6 12. h4 Nd7 13. g5 Be7 14. Nf4 a4
15. Bd3 Re8 16. Nxe6 fxe6 17. g6 h6 18. Qg4 Bf6 19. Ne2 Qb6 20. Nf4 a3 21. Nxe6
axb2+ 22. Kd2 Qa5+ 23. c3 b4 24. Bb1 bxc3+ 25. Kc2 c5 26. dxc5 Ne5 27. Qd4 Rxe6
28. Qxc3 Qa4+ 29. Qb3 Nc6 30. Qxa4 Rxa4 31. Kb3 Rb4+ 0-1

[Event "SF Telgte 1 - SF Stadtlohn 1"]
[Site "Verbandsliga 2016/2017"]
[Date "2016.09.10"]
[Round "1.4"]
[White "Junker, Axel"]
[Black "Te Sligte, Bert"]
[Result "1-0"]
[WhiteElo "1881"]
[BlackElo "1828"]
[PlyCount "97"]
[EventDate "2016.??.??"]
[SourceDate "2016.09.26"]

1. c4 e5 2. Nc3 Nf6 3. Nf3 d6 4. g3 Nc6 5. Bg2 Be7 6. O-O O-O 7. Rb1 Bf5 8. d3
h6 9. b4 Rb8 10. e3 Qd7 11. b5 Na5 12. e4 Bg4 13. Qa4 b6 14. Bd2 Nb7 15. Ne1
Nc5 16. Qc2 Ne6 17. f3 Nd4 18. Qc1 Bh3 19. Nc2 Nxc2 20. Qxc2 Rfc8 21. Nd5 Nxd5
22. cxd5 Bxg2 23. Kxg2 Ra8 24. Qc6 Qxc6 25. bxc6 Rf8 26. f4 exf4 27. gxf4 f5
28. Bb4 Rae8 29. Rbe1 Bh4 30. Re2 Bf6 31. e5 Rf7 32. d4 a5 33. Bc3 Rfe7 34. Rd2
Bh4 35. Kh3 g5 36. Rg2 Rf7 37. Be1 Bxe1 38. Rxe1 g4+ 39. Kh4 Kg7 40. Kh5 Kh7
41. Reg1 Rd8 42. e6 Rf6 43. h3 gxh3 44. Rg7+ Kh8 45. Rxc7 Rg8 46. Rh1 Rff8 47.
Rxh3 Rg4 48. e7 Re8 49. Rd7 1-0

[Event "SF Telgte 1 - SF Stadtlohn 1"]
[Site "Verbandsliga 2016/2017"]
[Date "2016.09.10"]
[Round "1.5"]
[White "Bußwolder, Peter"]
[Black "Kuhlenbäumer, Alfred"]
[Result "1/2-1/2"]
[WhiteElo "1734"]
[BlackElo "1885"]
[PlyCount "59"]
[EventDate "2016.??.??"]
[SourceDate "2016.09.26"]

1. d4 d5 2. c4 c6 3. e3 Nf6 4. Nc3 g6 5. Nf3 Bg7 6. Be2 O-O 7. O-O Nbd7 8. b3
Ne4 9. Bb2 Ndf6 10. Nd2 Nxc3 11. Bxc3 Bd7 12. Qc2 Rc8 13. Rfc1 Re8 14. Bd3 Bh6
15. Nf3 Qc7 16. Ne5 Be6 17. Bb2 Qb8 18. c5 Ng4 19. Nxg4 Bxg4 20. Re1 Bg7 21. h3
Bd7 22. f4 f6 23. Rf1 e5 24. fxe5 fxe5 25. Qf2 Rf8 26. Qg3 e4 27. Qxb8 Rxb8 28.
Be2 Bh6 29. Rxf8+ Rxf8 30. Bc1 1/2-1/2

[Event "SF Telgte 1 - SF Stadtlohn 1"]
[Site "Verbandsliga 2016/2017"]
[Date "2016.09.10"]
[Round "1.6"]
[White "Dieckmann, Werner"]
[Black "Becking, Stefan"]
[Result "1/2-1/2"]
[WhiteElo "1785"]
[BlackElo "1671"]
[PlyCount "102"]
[EventDate "2016.??.??"]
[SourceDate "2016.09.26"]

1. d4 Nf6 2. Nf3 g6 3. Bg5 Bg7 4. Nbd2 O-O 5. c3 d5 6. e3 Nbd7 7. Be2 b6 8. O-O
Bb7 9. Re1 Re8 10. Bb5 c6 11. Ba4 h6 12. Bxf6 Nxf6 13. Ne5 b5 14. Bc2 Nd7 15.
f4 Nxe5 16. fxe5 e6 17. Qf3 c5 18. a3 a5 19. Nb3 c4 20. Nd2 Qg5 21. Qf2 Rf8 22.
Nf3 Qe7 23. Qg3 Bc6 24. h3 Rab8 25. e4 dxe4 26. Bxe4 Bxe4 27. Rxe4 b4 28. axb4
axb4 29. Nd2 Qb7 30. Ree1 Rfc8 31. Ne4 Bf8 32. Qf3 Be7 33. Rf1 Rf8 34. Qe2 bxc3
35. bxc3 Qb2 36. Qxb2 Rxb2 37. Ra7 Re2 38. Rxe7 Rxe4 39. Rc7 Re2 40. Rxc4 Ra8
41. Rf3 Raa2 42. Rg3 Kg7 43. Rc7 Red2 44. Kh1 Rf2 45. Kg1 Rfd2 46. Rb7 Rac2 47.
Rb1 h5 48. h4 Re2 49. Kh2 Red2 50. Rf1 Re2 51. Kh3 Red2 1/2-1/2

[Event "SF Telgte 1 - SF Stadtlohn 1"]
[Site "Verbandsliga 2016/2017"]
[Date "2016.09.10"]
[Round "1.7"]
[White "Schley, Alfred"]
[Black "Schenke, Conrad"]
[Result "0-1"]
[WhiteElo "1680"]
[BlackElo "1661"]
[PlyCount "106"]
[EventDate "2016.??.??"]
[SourceDate "2016.09.26"]

1. e4 c5 2. d4 cxd4 3. c3 dxc3 4. Nxc3 Nc6 5. Nf3 d6 6. Bc4 e6 7. O-O Nf6 8.
Qe2 Be7 9. Rd1 Qc7 10. Bf4 e5 11. Be3 O-O 12. Rac1 Bg4 13. Bb3 Rac8 14. Nd5 Qd7
15. h3 Bh5 16. Ba4 Qe6 17. Nxe7+ Qxe7 18. Bxc6 Rxc6 19. Rxc6 bxc6 20. Bg5 h6
21. Bxf6 Qxf6 22. Rd3 Rb8 23. Ra3 Rb7 24. Qc2 Rc7 25. Nd2 Be2 26. Re3 Ba6 27.
Qa4 Bc8 28. Rf3 Qe7 29. Qd1 Be6 30. Rg3 Rb7 31. b3 Rb4 32. Qh5 Kh7 33. Nf3 g6
34. Qh4 Qxh4 35. Nxh4 Rxe4 36. Nf3 Re2 37. a3 Rb2 38. b4 Ra2 39. Kf1 Kg7 40.
Nh2 e4 41. Rc3 Bd7 42. Ke1 f5 43. Nf1 Kf6 44. Ne3 d5 45. Nc2 Rb2 46. Nd4 Ke5
47. Nxc6+ Bxc6 48. Rxc6 Kd4 49. Rc5 f4 50. Rc1 e3 51. fxe3+ fxe3 52. g3 Ra2 53.
Rd1+ Ke4 0-1

[Event "SF Telgte 1 - SF Stadtlohn 1"]
[Site "Verbandsliga 2016/2017"]
[Date "2016.09.10"]
[Round "1.8"]
[White "Stephan, Matthias"]
[Black "Pusch, Herbert"]
[Result "1-0"]
[WhiteElo "1556"]
[BlackElo "1563"]
[PlyCount "83"]
[EventDate "2016.??.??"]
[SourceDate "2016.09.26"]

1. d4 g6 2. Bf4 d6 3. Nf3 Bg7 4. c3 a6 5. e4 f5 6. e5 dxe5 7. Nxe5 b5 8. Bd3 e6
9. Qf3 Ra7 10. O-O Ne7 11. Nd2 Qd5 12. Rfe1 Qxf3 13. Ndxf3 Nd5 14. Bd2 O-O 15.
a4 Rb7 16. axb5 axb5 17. Ra5 c6 18. Rea1 Re8 19. Ra8 Nc7 20. R8a7 Nd5 21. Bc2
Nb6 22. Rxb7 Bxb7 23. Ra7 Bc8 24. b3 N6d7 25. Bf4 Nb6 26. Nxg6 hxg6 27. Bxb8
Nd5 28. c4 bxc4 29. bxc4 Nb6 30. Be5 Bh6 31. Bb3 Nd7 32. Rc7 Rd8 33. Rxc6 Nxe5
34. Nxe5 Bg7 35. Nxg6 Kf7 36. Ne5+ Bxe5 37. dxe5 Bd7 38. Rd6 Ke7 39. c5 Rc8 40.
c6 Rxc6 41. Rxc6 Bxc6 42. f4 1-0

[Event "SK Münster 4 - SC Rochade Emsdetten 2"]
[Site "Verbandsliga 2016/2017"]
[Date "2016.09.10"]
[Round "1.1"]
[White "Böhlich, Daniel"]
[Black "Schulz, Stefan"]
[Result "1-0"]
[WhiteElo "1994"]
[BlackElo "1884"]
[PlyCount "107"]
[EventDate "2016.??.??"]
[SourceDate "2016.09.26"]

1. d4 Nf6 2. c4 g6 3. Nc3 d5 4. cxd5 Nxd5 5. e4 Nxc3 6. bxc3 Bg7 7. Bb5+ c6 8.
Be2 O-O 9. Nf3 c5 10. O-O Nc6 11. Be3 Bg4 12. d5 Bxf3 13. Bxf3 Ne5 14. Be2 Qa5
15. Rc1 c4 16. f4 Nd3 17. Bxd3 cxd3 18. Qxd3 Qxa2 19. Ra1 Qb3 20. Rfb1 Qxc3 21.
Qxc3 Bxc3 22. Ra3 Bg7 23. Rxb7 Rfc8 24. Raxa7 Rxa7 25. Rxa7 Bf8 26. e5 Rc3 27.
Kf2 h5 28. Kf3 Rc2 29. Ra8 Kg7 30. Bd4 Rd2 31. Ke3 Rxg2 32. e6+ f6 33. d6 exd6
34. Ra7+ Kg8 35. Bxf6 g5 36. fxg5 Rxh2 37. Ra8 Rh3+ 38. Kf2 Kh7 39. Rxf8 Rh2+
40. Kg3 Re2 41. e7 h4+ 42. Kf3 Rxe7 43. Bxe7 h3 44. Kg3 d5 45. Kxh3 d4 46. Bb4
d3 47. Kg4 d2 48. Bxd2 Kg6 49. Rf1 Kh7 50. Kh5 Kg7 51. g6 Kh8 52. Kh6 Kg8 53.
Bb4 Kh8 54. Rf8# 1-0

[Event "SK Münster 4 - SC Rochade Emsdetten 2"]
[Site "Verbandsliga 2016/2017"]
[Date "2016.09.10"]
[Round "1.2"]
[White "Jansen, Dirk"]
[Black "Schelwokat, Peter"]
[Result "1/2-1/2"]
[WhiteElo "1894"]
[BlackElo "1869"]
[PlyCount "30"]
[EventDate "2016.??.??"]
[SourceDate "2016.09.26"]

1. c4 Nf6 2. Nc3 d5 3. cxd5 Nxd5 4. g3 g6 5. Bg2 Nxc3 6. bxc3 Bg7 7. Nf3 O-O 8.
O-O c5 9. d4 Nc6 10. e3 Rb8 11. Qe2 cxd4 12. cxd4 e5 13. dxe5 Nxe5 14. Nxe5
Bxe5 15. Bb2 Qa5 1/2-1/2

[Event "SK Münster 4 - SC Rochade Emsdetten 2"]
[Site "Verbandsliga 2016/2017"]
[Date "2016.09.10"]
[Round "1.3"]
[White "Lücke, Thomas"]
[Black "Voß, Norbert"]
[Result "1/2-1/2"]
[WhiteElo "1825"]
[BlackElo "1823"]
[PlyCount "53"]
[EventDate "2016.??.??"]
[SourceDate "2016.09.26"]

1. Nf3 d6 2. d4 Bg4 3. e4 Nf6 4. Bd3 Nbd7 5. Be3 e5 6. c3 Be7 7. Nbd2 c6 8. h3
Bh5 9. Qc2 Qc7 10. O-O O-O 11. b4 Rad8 12. c4 Bxf3 13. Nxf3 exd4 14. Nxd4 Qb8
15. Nf5 Rfe8 16. Nxe7+ Rxe7 17. Rfd1 Ne5 18. f3 Ng6 19. Qa4 a6 20. Rd2 d5 21.
Bc5 Red7 22. exd5 cxd5 23. Bxg6 hxg6 24. cxd5 Rxd5 25. Rxd5 Rxd5 26. Rd1 Qd8
27. Rxd5 1/2-1/2

[Event "SK Münster 4 - SC Rochade Emsdetten 2"]
[Site "Verbandsliga 2016/2017"]
[Date "2016.09.10"]
[Round "1.4"]
[White "Schöpper, Oliver"]
[Black "Hedwig, Johannes"]
[Result "0-1"]
[WhiteElo "1818"]
[BlackElo "1784"]
[PlyCount "74"]
[EventDate "2016.??.??"]
[SourceDate "2016.09.26"]

1. d4 d5 2. c4 e6 3. Nf3 Nf6 4. g3 c6 5. Bg2 Bb4+ 6. Bd2 Qa5 7. a3 Bxd2+ 8.
Nbxd2 dxc4 9. Ne5 Nbd7 10. Nexc4 Qc7 11. O-O O-O 12. Rc1 e5 13. Nf3 exd4 14.
Nxd4 Nb6 15. Qc2 Nxc4 16. Qxc4 Qe5 17. Rfd1 Bg4 18. Rc3 Rad8 19. Re3 Qh5 20.
Red3 Nd5 21. Nf3 Rde8 22. Rd4 Be6 23. Rh4 Qg6 24. Ne5 Qf6 25. Be4 g6 26. Ng4
Qxb2 27. Rb1 Qg7 28. Qd3 Rd8 29. Rxb7 Bxg4 30. Rxg4 Nf6 31. Qf3 Nxg4 32. Qxg4
Qa1+ 33. Kg2 Rd1 34. Bxc6 Rg1+ 35. Kh3 Qf1+ 36. Kh4 Qxf2 37. h3 Qf6+ 0-1